Zpravodaj

Na minha lista:
Detalhes bibliográficos
Formato: Periódico
Idioma:tcheco
Publicado em: Praha Státní komise pro věděckotechnický a investičný rozvoj 1984
Tags: Adicionar Tag
Sem tags, seja o primeiro a adicionar uma tag!

MARC

LEADER 00000nas2a2200000 4500
001 s107090
005 20250730114158.6
041 0 |a cze 
044 |a CZ 
245 1 0 |a Zpravodaj 
264 1 |a Praha  |b Státní komise pro věděckotechnický a investičný rozvoj  |c 1984 
300 |a 1 zv. 
773 0 |w eu_un_cat*s120947